000 00556nam a2200217Ia 4500
008 220216s9999 xx 000 0 und d
100 _aWang Wei
245 0 _a13C-NMR study on the microstructure of chlorinated polypropylene
260 _bJournal of Polymer Materials
_c2005
300 _a261-266
650 _a13C-NMR
650 _aChemical shift
650 _aChlorinated polypropylene
700 _aChen Tao
700 _aChiliang
700 _aWang
700 _aWang Jianfeng
700 _aWang Li
700 _aYu Haojie
942 _cJS
999 _c53237
_d53237